<?xml version="1.0" encoding="UTF-8"?>
<record
    xmlns:xsi="http://www.w3.org/2001/XMLSchema-instance"
    xsi:schemaLocation="http://www.loc.gov/MARC21/slim http://www.loc.gov/standards/marcxml/schema/MARC21slim.xsd"
    xmlns="http://www.loc.gov/MARC21/slim">

  <leader>01955nas a2200277 454500</leader>
  <controlfield tag="001">5046</controlfield>
  <controlfield tag="005">20260407193504.0</controlfield>
  <controlfield tag="008">260407s1995####ag###########|||spa#d</controlfield>
  <controlfield tag="003">AR-UNSa-BCEJYS</controlfield>
  <datafield tag="040" ind1=" " ind2=" ">
    <subfield code="a">AR-UNSa-BCEJYS</subfield>
    <subfield code="b">spa</subfield>
    <subfield code="c">AR-UNSa-BCEJYS</subfield>
  </datafield>
  <datafield tag="080" ind1=" " ind2=" ">
    <subfield code="a">330</subfield>
    <subfield code="x">Econom&#xED;a en general</subfield>
  </datafield>
  <datafield tag="245" ind1="1" ind2="0">
    <subfield code="a">FACES</subfield>
    <subfield code="p">Revista de la Facultad de Ciencias Econ&#xF3;micas y Sociales</subfield>
  </datafield>
  <datafield tag="022" ind1=" " ind2=" ">
    <subfield code="a">0328-4050</subfield>
  </datafield>
  <datafield tag="264" ind1=" " ind2="1">
    <subfield code="a">Mar del Plata :</subfield>
    <subfield code="b">Universidad Nacional de Mar del Plata. Facultad de Ciencias Econ&#xF3;micas y Sociales</subfield>
    <subfield code="c">1995</subfield>
  </datafield>
  <datafield tag="310" ind1=" " ind2=" ">
    <subfield code="a">Periodicidad: Anual
Cambia de Dir. a partir del N&#xBA; 8 por Hayd&#xE9;e J. P&#xE9;rez
Cambia de Dir. a partir del N&#xBA; 28 por Franciso A. Morea
Cambia de Dir. a partir del N&#xBA; 32/33 por Daniel H. P&#xE9;rez
Cambia de Dir. a partir del N&#xBA; 40/41 por M&#xF3;nica Mabel Biasone

</subfield>
  </datafield>
  <datafield tag="505" ind1=" " ind2=" ">
    <subfield code="a">La revista FACES publica colaboraciones relacionadas con la investigaci&#xF3;n y el desarrollo de las ciencias econ&#xF3;micas y sociales, cubriendo una amplia gama de temas a trav&#xE9;s de art&#xED;culos cient&#xED;ficos y ensayos, todos ellos in&#xE9;ditos. El objetivo inicial fue proyectar la imagen de la Facultad y constituirse en un instrumento de comunicaci&#xF3;n formal entre los propios investigadores y docentes, investigadores y docentes de la regi&#xF3;n y de la comunidad, generar opini&#xF3;n en los aspectos disciplinarios y propiciar el discurso profesional. Como objetivos a largo plazo se espera que la revista FACES contribuya a desarrollar la capacidad cr&#xED;tica, creativa y propositiva en relaci&#xF3;n con la sociedad, la cultura y la econom&#xED;a, dando respuesta a la demanda expl&#xED;cita o impl&#xED;cita que realiza la regi&#xF3;n.
</subfield>
  </datafield>
  <datafield tag="942" ind1=" " ind2=" ">
    <subfield code="c">SER</subfield>
  </datafield>
  <datafield tag="590" ind1=" " ind2=" ">
    <subfield code="a">niveau_biblio:s niveau_hierar:1</subfield>
  </datafield>
  <datafield tag="100" ind1="1" ind2=" ">
    <subfield code="a">Mucci, Ottorino Oscar</subfield>
  </datafield>
  <datafield tag="650" ind1=" " ind2=" ">
    <subfield code="a">Administraci&#xF3;n</subfield>
  </datafield>
  <datafield tag="650" ind1=" " ind2=" ">
    <subfield code="a">Gesti&#xF3;n</subfield>
  </datafield>
  <datafield tag="650" ind1=" " ind2=" ">
    <subfield code="a">Ciencias sociales</subfield>
  </datafield>
  <datafield tag="650" ind1=" " ind2=" ">
    <subfield code="a">Empleo</subfield>
  </datafield>
  <datafield tag="650" ind1=" " ind2=" ">
    <subfield code="a">ECONOMIA</subfield>
  </datafield>
  <datafield tag="856" ind1="4" ind2="1">
    <subfield code="u">https://biblioeco.unsa.edu.ar/pmb/images/revistas/FACES.jpg</subfield>
    <subfield code="y">Imagen de portada</subfield>
    <subfield code="q">image/jpeg</subfield>
  </datafield>
  <datafield tag="999" ind1=" " ind2=" ">
    <subfield code="c">8414</subfield>
    <subfield code="d">8414</subfield>
  </datafield>
  <datafield tag="952" ind1=" " ind2=" ">
    <subfield code="0">0</subfield>
    <subfield code="1">0</subfield>
    <subfield code="4">0</subfield>
    <subfield code="7">0</subfield>
    <subfield code="a">BCEJYS</subfield>
    <subfield code="b">BCEJYS</subfield>
    <subfield code="c">17</subfield>
    <subfield code="d">2017-07-01</subfield>
    <subfield code="h">A&#xF1;o 23, N&#xBA; 49 - jul./dic. 2017</subfield>
    <subfield code="l">0</subfield>
    <subfield code="o">H330 FAC 49</subfield>
    <subfield code="p">R22162</subfield>
    <subfield code="r">2026-04-10 16:06:51</subfield>
    <subfield code="w">2026-04-10</subfield>
    <subfield code="y">RN</subfield>
  </datafield>
  <datafield tag="952" ind1=" " ind2=" ">
    <subfield code="0">0</subfield>
    <subfield code="1">0</subfield>
    <subfield code="4">0</subfield>
    <subfield code="7">0</subfield>
    <subfield code="a">BCEJYS</subfield>
    <subfield code="b">BCEJYS</subfield>
    <subfield code="c">17</subfield>
    <subfield code="d">2017-01-01</subfield>
    <subfield code="h">A&#xF1;o 23, N&#xBA; 48 - ene./jun. 2017</subfield>
    <subfield code="l">0</subfield>
    <subfield code="o">H330 FAC 48</subfield>
    <subfield code="p">R22161</subfield>
    <subfield code="r">2026-04-10 16:06:51</subfield>
    <subfield code="w">2026-04-10</subfield>
    <subfield code="y">RN</subfield>
  </datafield>
  <datafield tag="952" ind1=" " ind2=" ">
    <subfield code="0">0</subfield>
    <subfield code="1">0</subfield>
    <subfield code="4">0</subfield>
    <subfield code="7">0</subfield>
    <subfield code="a">BCEJYS</subfield>
    <subfield code="b">BCEJYS</subfield>
    <subfield code="c">17</subfield>
    <subfield code="d">2016-07-01</subfield>
    <subfield code="h">A&#xF1;o 22, N&#xBA; 47 - jul./dic. 2016</subfield>
    <subfield code="l">0</subfield>
    <subfield code="o">H330 FAC 47</subfield>
    <subfield code="p">R21906</subfield>
    <subfield code="r">2026-04-10 16:06:51</subfield>
    <subfield code="w">2026-04-10</subfield>
    <subfield code="y">RN</subfield>
  </datafield>
  <datafield tag="952" ind1=" " ind2=" ">
    <subfield code="0">0</subfield>
    <subfield code="1">0</subfield>
    <subfield code="4">0</subfield>
    <subfield code="7">0</subfield>
    <subfield code="a">BCEJYS</subfield>
    <subfield code="b">BCEJYS</subfield>
    <subfield code="c">17</subfield>
    <subfield code="d">2016-01-01</subfield>
    <subfield code="h">A&#xF1;o 22, N&#xBA; 46 - ene./jun. 2016</subfield>
    <subfield code="l">0</subfield>
    <subfield code="o">H330 FAC 46</subfield>
    <subfield code="p">R21905</subfield>
    <subfield code="r">2026-04-10 16:06:51</subfield>
    <subfield code="w">2026-04-10</subfield>
    <subfield code="y">RN</subfield>
  </datafield>
  <datafield tag="952" ind1=" " ind2=" ">
    <subfield code="0">0</subfield>
    <subfield code="1">0</subfield>
    <subfield code="4">0</subfield>
    <subfield code="7">0</subfield>
    <subfield code="a">BCEJYS</subfield>
    <subfield code="b">BCEJYS</subfield>
    <subfield code="c">17</subfield>
    <subfield code="d">2015-07-01</subfield>
    <subfield code="h">A&#xF1;o 21, N&#xBA; 45 - jul./dic. 2015</subfield>
    <subfield code="l">0</subfield>
    <subfield code="o">H330 FAC 45</subfield>
    <subfield code="p">R20757</subfield>
    <subfield code="r">2026-04-10 16:06:51</subfield>
    <subfield code="w">2026-04-10</subfield>
    <subfield code="y">RN</subfield>
  </datafield>
  <datafield tag="952" ind1=" " ind2=" ">
    <subfield code="0">0</subfield>
    <subfield code="1">0</subfield>
    <subfield code="4">0</subfield>
    <subfield code="7">0</subfield>
    <subfield code="a">BCEJYS</subfield>
    <subfield code="b">BCEJYS</subfield>
    <subfield code="c">17</subfield>
    <subfield code="d">2015-01-01</subfield>
    <subfield code="h">A&#xF1;o 21, N&#xBA; 44 - ene./jun. 2015</subfield>
    <subfield code="l">0</subfield>
    <subfield code="o">H330 FAC 44</subfield>
    <subfield code="p">R20756</subfield>
    <subfield code="r">2026-04-10 16:06:51</subfield>
    <subfield code="w">2026-04-10</subfield>
    <subfield code="y">RN</subfield>
  </datafield>
  <datafield tag="952" ind1=" " ind2=" ">
    <subfield code="0">0</subfield>
    <subfield code="1">0</subfield>
    <subfield code="4">0</subfield>
    <subfield code="7">0</subfield>
    <subfield code="a">BCEJYS</subfield>
    <subfield code="b">BCEJYS</subfield>
    <subfield code="c">17</subfield>
    <subfield code="d">2014-01-01</subfield>
    <subfield code="h">A&#xF1;o 20, N&#xBA; 42/43 - ene./dic. 2014</subfield>
    <subfield code="l">0</subfield>
    <subfield code="o">H330 FAC 42/43</subfield>
    <subfield code="p">R17222</subfield>
    <subfield code="r">2026-04-10 16:06:51</subfield>
    <subfield code="w">2026-04-10</subfield>
    <subfield code="y">RN</subfield>
  </datafield>
  <datafield tag="952" ind1=" " ind2=" ">
    <subfield code="0">0</subfield>
    <subfield code="1">0</subfield>
    <subfield code="4">0</subfield>
    <subfield code="7">0</subfield>
    <subfield code="a">BCEJYS</subfield>
    <subfield code="b">BCEJYS</subfield>
    <subfield code="c">17</subfield>
    <subfield code="d">2013-01-01</subfield>
    <subfield code="h">A&#xF1;o 19, N&#xBA; 40/41 - ene./dic. 2013</subfield>
    <subfield code="l">0</subfield>
    <subfield code="o">H330 FAC 40/41</subfield>
    <subfield code="p">R11222</subfield>
    <subfield code="r">2026-04-10 16:06:51</subfield>
    <subfield code="w">2026-04-10</subfield>
    <subfield code="y">RN</subfield>
  </datafield>
  <datafield tag="952" ind1=" " ind2=" ">
    <subfield code="0">0</subfield>
    <subfield code="1">0</subfield>
    <subfield code="4">0</subfield>
    <subfield code="7">0</subfield>
    <subfield code="a">BCEJYS</subfield>
    <subfield code="b">BCEJYS</subfield>
    <subfield code="c">17</subfield>
    <subfield code="d">2012-01-01</subfield>
    <subfield code="h">A&#xF1;o 18, N&#xBA; 38/39 - ene./dic. 2012</subfield>
    <subfield code="l">0</subfield>
    <subfield code="o">H330 FAC 38/39</subfield>
    <subfield code="p">R09698</subfield>
    <subfield code="r">2026-04-10 16:06:51</subfield>
    <subfield code="w">2026-04-10</subfield>
    <subfield code="y">RN</subfield>
  </datafield>
  <datafield tag="952" ind1=" " ind2=" ">
    <subfield code="0">0</subfield>
    <subfield code="1">0</subfield>
    <subfield code="4">0</subfield>
    <subfield code="7">0</subfield>
    <subfield code="a">BCEJYS</subfield>
    <subfield code="b">BCEJYS</subfield>
    <subfield code="c">17</subfield>
    <subfield code="d">2011-01-01</subfield>
    <subfield code="h">A&#xF1;o 17, N&#xBA; 36/37 - ene./dic. 2011</subfield>
    <subfield code="l">0</subfield>
    <subfield code="o">H330 FAC 36/37</subfield>
    <subfield code="p">R04383</subfield>
    <subfield code="r">2026-04-10 16:06:51</subfield>
    <subfield code="w">2026-04-10</subfield>
    <subfield code="y">RN</subfield>
  </datafield>
  <datafield tag="952" ind1=" " ind2=" ">
    <subfield code="0">0</subfield>
    <subfield code="1">0</subfield>
    <subfield code="4">0</subfield>
    <subfield code="7">0</subfield>
    <subfield code="a">BCEJYS</subfield>
    <subfield code="b">BCEJYS</subfield>
    <subfield code="c">17</subfield>
    <subfield code="d">2010-01-01</subfield>
    <subfield code="h">A&#xF1;o 16, N&#xBA; 34/35 - ene./dic. 2010</subfield>
    <subfield code="l">0</subfield>
    <subfield code="o">H330 FAC 34/35</subfield>
    <subfield code="p">R04382</subfield>
    <subfield code="r">2026-04-10 16:06:51</subfield>
    <subfield code="w">2026-04-10</subfield>
    <subfield code="y">RN</subfield>
  </datafield>
  <datafield tag="952" ind1=" " ind2=" ">
    <subfield code="0">0</subfield>
    <subfield code="1">0</subfield>
    <subfield code="4">0</subfield>
    <subfield code="7">0</subfield>
    <subfield code="a">BCEJYS</subfield>
    <subfield code="b">BCEJYS</subfield>
    <subfield code="c">17</subfield>
    <subfield code="d">2009-01-01</subfield>
    <subfield code="h">A&#xF1;o 15, N&#xBA; 32/33 - ene./dic. 2009</subfield>
    <subfield code="l">0</subfield>
    <subfield code="o">H330 FAC 32/33</subfield>
    <subfield code="p">R04170</subfield>
    <subfield code="r">2026-04-10 16:06:51</subfield>
    <subfield code="w">2026-04-10</subfield>
    <subfield code="y">RN</subfield>
  </datafield>
  <datafield tag="952" ind1=" " ind2=" ">
    <subfield code="0">0</subfield>
    <subfield code="1">0</subfield>
    <subfield code="4">0</subfield>
    <subfield code="7">0</subfield>
    <subfield code="a">BCEJYS</subfield>
    <subfield code="b">BCEJYS</subfield>
    <subfield code="c">17</subfield>
    <subfield code="d">2008-01-01</subfield>
    <subfield code="h">A&#xF1;o 14, N&#xBA; 30/31 - ene./dic. 2008</subfield>
    <subfield code="l">0</subfield>
    <subfield code="o">H330 FAC 30/31</subfield>
    <subfield code="p">R04169</subfield>
    <subfield code="r">2026-04-10 16:06:51</subfield>
    <subfield code="w">2026-04-10</subfield>
    <subfield code="y">RN</subfield>
  </datafield>
  <datafield tag="952" ind1=" " ind2=" ">
    <subfield code="0">0</subfield>
    <subfield code="1">0</subfield>
    <subfield code="4">0</subfield>
    <subfield code="7">0</subfield>
    <subfield code="a">BCEJYS</subfield>
    <subfield code="b">BCEJYS</subfield>
    <subfield code="c">17</subfield>
    <subfield code="d">2007-07-01</subfield>
    <subfield code="h">A&#xF1;o 13, N&#xBA; 29 - jul./dic.2007</subfield>
    <subfield code="l">0</subfield>
    <subfield code="o">H330 FAC 29</subfield>
    <subfield code="p">R04168</subfield>
    <subfield code="r">2026-04-10 16:06:51</subfield>
    <subfield code="w">2026-04-10</subfield>
    <subfield code="y">RN</subfield>
  </datafield>
  <datafield tag="952" ind1=" " ind2=" ">
    <subfield code="0">0</subfield>
    <subfield code="1">0</subfield>
    <subfield code="4">0</subfield>
    <subfield code="7">0</subfield>
    <subfield code="a">BCEJYS</subfield>
    <subfield code="b">BCEJYS</subfield>
    <subfield code="c">17</subfield>
    <subfield code="d">2007-01-01</subfield>
    <subfield code="h">A&#xF1;o 13, N&#xBA; 28 - ene./jun. 2007</subfield>
    <subfield code="l">0</subfield>
    <subfield code="o">H330 FAC 28</subfield>
    <subfield code="p">R04167</subfield>
    <subfield code="r">2026-04-10 16:06:51</subfield>
    <subfield code="w">2026-04-10</subfield>
    <subfield code="y">RN</subfield>
  </datafield>
  <datafield tag="952" ind1=" " ind2=" ">
    <subfield code="0">0</subfield>
    <subfield code="1">0</subfield>
    <subfield code="4">0</subfield>
    <subfield code="7">0</subfield>
    <subfield code="a">BCEJYS</subfield>
    <subfield code="b">BCEJYS</subfield>
    <subfield code="c">17</subfield>
    <subfield code="d">2006-09-01</subfield>
    <subfield code="h">A&#xF1;o 12, N&#xBA; 27 - sep./dic. 2006</subfield>
    <subfield code="l">0</subfield>
    <subfield code="o">H330 FAC 27</subfield>
    <subfield code="p">R04166</subfield>
    <subfield code="r">2026-04-10 16:06:51</subfield>
    <subfield code="w">2026-04-10</subfield>
    <subfield code="y">RN</subfield>
  </datafield>
  <datafield tag="952" ind1=" " ind2=" ">
    <subfield code="0">0</subfield>
    <subfield code="1">0</subfield>
    <subfield code="4">0</subfield>
    <subfield code="7">0</subfield>
    <subfield code="a">BCEJYS</subfield>
    <subfield code="b">BCEJYS</subfield>
    <subfield code="c">17</subfield>
    <subfield code="d">2006-05-01</subfield>
    <subfield code="h">A&#xF1;o 12, N&#xBA; 26 - may./ago.2006</subfield>
    <subfield code="l">0</subfield>
    <subfield code="o">H330 FAC 26</subfield>
    <subfield code="p">R04165</subfield>
    <subfield code="r">2026-04-10 16:06:51</subfield>
    <subfield code="w">2026-04-10</subfield>
    <subfield code="y">RN</subfield>
  </datafield>
  <datafield tag="952" ind1=" " ind2=" ">
    <subfield code="0">0</subfield>
    <subfield code="1">0</subfield>
    <subfield code="4">0</subfield>
    <subfield code="7">0</subfield>
    <subfield code="a">BCEJYS</subfield>
    <subfield code="b">BCEJYS</subfield>
    <subfield code="c">17</subfield>
    <subfield code="d">2006-01-01</subfield>
    <subfield code="h">A&#xF1;o 12, N&#xBA; 25 - ene./abr. 2006</subfield>
    <subfield code="l">0</subfield>
    <subfield code="o">H330 FAC 25</subfield>
    <subfield code="p">R04164</subfield>
    <subfield code="r">2026-04-10 16:06:51</subfield>
    <subfield code="w">2026-04-10</subfield>
    <subfield code="y">RN</subfield>
  </datafield>
  <datafield tag="952" ind1=" " ind2=" ">
    <subfield code="0">0</subfield>
    <subfield code="1">0</subfield>
    <subfield code="4">0</subfield>
    <subfield code="7">0</subfield>
    <subfield code="a">BCEJYS</subfield>
    <subfield code="b">BCEJYS</subfield>
    <subfield code="c">17</subfield>
    <subfield code="d">2005-09-01</subfield>
    <subfield code="h">A&#xF1;o 11, N&#xBA; 24 - sep./dic. 2005</subfield>
    <subfield code="l">0</subfield>
    <subfield code="o">H330 FAC 24</subfield>
    <subfield code="p">R04163</subfield>
    <subfield code="r">2026-04-10 16:06:51</subfield>
    <subfield code="w">2026-04-10</subfield>
    <subfield code="y">RN</subfield>
  </datafield>
  <datafield tag="952" ind1=" " ind2=" ">
    <subfield code="0">0</subfield>
    <subfield code="1">0</subfield>
    <subfield code="4">0</subfield>
    <subfield code="7">0</subfield>
    <subfield code="a">BCEJYS</subfield>
    <subfield code="b">BCEJYS</subfield>
    <subfield code="c">17</subfield>
    <subfield code="d">2005-05-01</subfield>
    <subfield code="h">A&#xF1;o 11, N&#xBA; 23 - may./ago. 2005</subfield>
    <subfield code="l">0</subfield>
    <subfield code="o">H330 FAC 23</subfield>
    <subfield code="p">R04162</subfield>
    <subfield code="r">2026-04-10 16:06:51</subfield>
    <subfield code="w">2026-04-10</subfield>
    <subfield code="y">RN</subfield>
  </datafield>
  <datafield tag="952" ind1=" " ind2=" ">
    <subfield code="0">0</subfield>
    <subfield code="1">0</subfield>
    <subfield code="4">0</subfield>
    <subfield code="7">0</subfield>
    <subfield code="a">BCEJYS</subfield>
    <subfield code="b">BCEJYS</subfield>
    <subfield code="c">17</subfield>
    <subfield code="d">2005-01-01</subfield>
    <subfield code="h">A&#xF1;o 11, N&#xBA; 22 - ene./abr. 2005</subfield>
    <subfield code="l">0</subfield>
    <subfield code="o">H330 FAC 22</subfield>
    <subfield code="p">R04161</subfield>
    <subfield code="r">2026-04-10 16:06:51</subfield>
    <subfield code="w">2026-04-10</subfield>
    <subfield code="y">RN</subfield>
  </datafield>
  <datafield tag="952" ind1=" " ind2=" ">
    <subfield code="0">0</subfield>
    <subfield code="1">0</subfield>
    <subfield code="4">0</subfield>
    <subfield code="7">0</subfield>
    <subfield code="a">BCEJYS</subfield>
    <subfield code="b">BCEJYS</subfield>
    <subfield code="c">17</subfield>
    <subfield code="d">2004-09-01</subfield>
    <subfield code="h">A&#xF1;o 10, N&#xBA; 21 - sep./dic. 2004</subfield>
    <subfield code="l">0</subfield>
    <subfield code="o">H330 FAC 21</subfield>
    <subfield code="p">R04160</subfield>
    <subfield code="r">2026-04-10 16:06:51</subfield>
    <subfield code="w">2026-04-10</subfield>
    <subfield code="y">RN</subfield>
  </datafield>
  <datafield tag="952" ind1=" " ind2=" ">
    <subfield code="0">0</subfield>
    <subfield code="1">0</subfield>
    <subfield code="4">0</subfield>
    <subfield code="7">0</subfield>
    <subfield code="a">BCEJYS</subfield>
    <subfield code="b">BCEJYS</subfield>
    <subfield code="c">17</subfield>
    <subfield code="d">2004-05-01</subfield>
    <subfield code="h">A&#xF1;o 10, N&#xBA; 20 - may./ago. 2004</subfield>
    <subfield code="l">0</subfield>
    <subfield code="o">H330 FAC 20</subfield>
    <subfield code="p">R02048</subfield>
    <subfield code="r">2026-04-10 16:06:51</subfield>
    <subfield code="w">2026-04-10</subfield>
    <subfield code="y">RN</subfield>
  </datafield>
  <datafield tag="952" ind1=" " ind2=" ">
    <subfield code="0">0</subfield>
    <subfield code="1">0</subfield>
    <subfield code="4">0</subfield>
    <subfield code="7">0</subfield>
    <subfield code="a">BCEJYS</subfield>
    <subfield code="b">BCEJYS</subfield>
    <subfield code="c">17</subfield>
    <subfield code="d">2004-01-01</subfield>
    <subfield code="h">A&#xF1;o 10, N&#xBA; 19 - ene./abr. 2004</subfield>
    <subfield code="l">0</subfield>
    <subfield code="o">H330 FAC 19</subfield>
    <subfield code="p">R02049</subfield>
    <subfield code="r">2026-04-10 16:06:51</subfield>
    <subfield code="w">2026-04-10</subfield>
    <subfield code="y">RN</subfield>
  </datafield>
  <datafield tag="952" ind1=" " ind2=" ">
    <subfield code="0">0</subfield>
    <subfield code="1">0</subfield>
    <subfield code="4">0</subfield>
    <subfield code="7">0</subfield>
    <subfield code="a">BCEJYS</subfield>
    <subfield code="b">BCEJYS</subfield>
    <subfield code="c">17</subfield>
    <subfield code="d">2003-09-01</subfield>
    <subfield code="h">A&#xF1;o 9, N&#xBA; 18 - sep./dic. 2003</subfield>
    <subfield code="l">0</subfield>
    <subfield code="o">H330 FAC 18</subfield>
    <subfield code="p">R02047</subfield>
    <subfield code="r">2026-04-10 16:06:51</subfield>
    <subfield code="w">2026-04-10</subfield>
    <subfield code="y">RN</subfield>
  </datafield>
  <datafield tag="952" ind1=" " ind2=" ">
    <subfield code="0">0</subfield>
    <subfield code="1">0</subfield>
    <subfield code="4">0</subfield>
    <subfield code="7">0</subfield>
    <subfield code="a">BCEJYS</subfield>
    <subfield code="b">BCEJYS</subfield>
    <subfield code="c">17</subfield>
    <subfield code="d">2003-05-01</subfield>
    <subfield code="h">A&#xF1;o 9, N&#xBA; 17 - may./ago. 2003</subfield>
    <subfield code="l">0</subfield>
    <subfield code="o">H330 FAC 17</subfield>
    <subfield code="p">R01817</subfield>
    <subfield code="r">2026-04-10 16:06:51</subfield>
    <subfield code="w">2026-04-10</subfield>
    <subfield code="y">RN</subfield>
  </datafield>
  <datafield tag="952" ind1=" " ind2=" ">
    <subfield code="0">0</subfield>
    <subfield code="1">0</subfield>
    <subfield code="4">0</subfield>
    <subfield code="7">0</subfield>
    <subfield code="a">BCEJYS</subfield>
    <subfield code="b">BCEJYS</subfield>
    <subfield code="c">17</subfield>
    <subfield code="d">2003-01-01</subfield>
    <subfield code="h">A&#xF1;o 9, N&#xBA; 16 - ene./abr. 2003</subfield>
    <subfield code="l">0</subfield>
    <subfield code="o">H330 FAC 16</subfield>
    <subfield code="p">R01816</subfield>
    <subfield code="r">2026-04-10 16:06:51</subfield>
    <subfield code="w">2026-04-10</subfield>
    <subfield code="y">RN</subfield>
  </datafield>
  <datafield tag="952" ind1=" " ind2=" ">
    <subfield code="0">0</subfield>
    <subfield code="1">0</subfield>
    <subfield code="4">0</subfield>
    <subfield code="7">0</subfield>
    <subfield code="a">BCEJYS</subfield>
    <subfield code="b">BCEJYS</subfield>
    <subfield code="c">17</subfield>
    <subfield code="d">2002-09-01</subfield>
    <subfield code="h">A&#xF1;o 8, N&#xBA; 15 - sep./dic. 2002</subfield>
    <subfield code="l">0</subfield>
    <subfield code="o">H330 FAC 15</subfield>
    <subfield code="p">R01758</subfield>
    <subfield code="r">2026-04-10 16:06:51</subfield>
    <subfield code="w">2026-04-10</subfield>
    <subfield code="y">RN</subfield>
  </datafield>
  <datafield tag="952" ind1=" " ind2=" ">
    <subfield code="0">0</subfield>
    <subfield code="1">0</subfield>
    <subfield code="4">0</subfield>
    <subfield code="7">0</subfield>
    <subfield code="a">BCEJYS</subfield>
    <subfield code="b">BCEJYS</subfield>
    <subfield code="c">17</subfield>
    <subfield code="d">2002-05-01</subfield>
    <subfield code="h">A&#xF1;o 8, N&#xBA; 14 - may./ago. 2002</subfield>
    <subfield code="l">0</subfield>
    <subfield code="o">H330 FAC 14</subfield>
    <subfield code="p">R04159</subfield>
    <subfield code="r">2026-04-10 16:06:51</subfield>
    <subfield code="w">2026-04-10</subfield>
    <subfield code="y">RN</subfield>
  </datafield>
  <datafield tag="952" ind1=" " ind2=" ">
    <subfield code="0">0</subfield>
    <subfield code="1">0</subfield>
    <subfield code="4">0</subfield>
    <subfield code="7">0</subfield>
    <subfield code="a">BCEJYS</subfield>
    <subfield code="b">BCEJYS</subfield>
    <subfield code="c">17</subfield>
    <subfield code="d">2002-01-01</subfield>
    <subfield code="h">A&#xF1;o 8, N&#xBA; 13 - ene./abr. 2002</subfield>
    <subfield code="l">0</subfield>
    <subfield code="o">H330 FAC 13</subfield>
    <subfield code="p">R01222</subfield>
    <subfield code="r">2026-04-10 16:06:51</subfield>
    <subfield code="w">2026-04-10</subfield>
    <subfield code="y">RN</subfield>
  </datafield>
  <datafield tag="952" ind1=" " ind2=" ">
    <subfield code="0">0</subfield>
    <subfield code="1">0</subfield>
    <subfield code="4">0</subfield>
    <subfield code="7">0</subfield>
    <subfield code="a">BCEJYS</subfield>
    <subfield code="b">BCEJYS</subfield>
    <subfield code="c">17</subfield>
    <subfield code="d">2002-01-01</subfield>
    <subfield code="h">A&#xF1;o 8, N&#xBA; 13 - ene./abr. 2002</subfield>
    <subfield code="l">0</subfield>
    <subfield code="o">H330 FAC 13 Ej.2</subfield>
    <subfield code="p">R01225</subfield>
    <subfield code="r">2026-04-10 16:06:51</subfield>
    <subfield code="w">2026-04-10</subfield>
    <subfield code="y">RN</subfield>
  </datafield>
  <datafield tag="952" ind1=" " ind2=" ">
    <subfield code="0">0</subfield>
    <subfield code="1">0</subfield>
    <subfield code="4">0</subfield>
    <subfield code="7">0</subfield>
    <subfield code="a">BCEJYS</subfield>
    <subfield code="b">BCEJYS</subfield>
    <subfield code="c">17</subfield>
    <subfield code="d">2001-09-01</subfield>
    <subfield code="h">A&#xF1;o 7, N&#xBA; 12 - set./dic. 2001</subfield>
    <subfield code="l">0</subfield>
    <subfield code="o">H330 FAC 12</subfield>
    <subfield code="p">R01221</subfield>
    <subfield code="r">2026-04-10 16:06:51</subfield>
    <subfield code="w">2026-04-10</subfield>
    <subfield code="y">RN</subfield>
  </datafield>
  <datafield tag="952" ind1=" " ind2=" ">
    <subfield code="0">0</subfield>
    <subfield code="1">0</subfield>
    <subfield code="4">0</subfield>
    <subfield code="7">0</subfield>
    <subfield code="a">BCEJYS</subfield>
    <subfield code="b">BCEJYS</subfield>
    <subfield code="c">17</subfield>
    <subfield code="d">2001-05-01</subfield>
    <subfield code="h">A&#xF1;o 7, N&#xBA; 11 - may./ago. 2001</subfield>
    <subfield code="l">0</subfield>
    <subfield code="o">H330 FAC 11</subfield>
    <subfield code="p">R01220</subfield>
    <subfield code="r">2026-04-10 16:06:51</subfield>
    <subfield code="w">2026-04-10</subfield>
    <subfield code="y">RN</subfield>
  </datafield>
  <datafield tag="952" ind1=" " ind2=" ">
    <subfield code="0">0</subfield>
    <subfield code="1">0</subfield>
    <subfield code="4">0</subfield>
    <subfield code="7">0</subfield>
    <subfield code="a">BCEJYS</subfield>
    <subfield code="b">BCEJYS</subfield>
    <subfield code="c">17</subfield>
    <subfield code="d">2001-05-01</subfield>
    <subfield code="h">A&#xF1;o 7, N&#xBA; 11 - may./ago. 2001</subfield>
    <subfield code="l">0</subfield>
    <subfield code="o">H330 FAC 11 Ej.2</subfield>
    <subfield code="p">R01224</subfield>
    <subfield code="r">2026-04-10 16:06:51</subfield>
    <subfield code="w">2026-04-10</subfield>
    <subfield code="y">RN</subfield>
  </datafield>
  <datafield tag="952" ind1=" " ind2=" ">
    <subfield code="0">0</subfield>
    <subfield code="1">0</subfield>
    <subfield code="4">0</subfield>
    <subfield code="7">0</subfield>
    <subfield code="a">BCEJYS</subfield>
    <subfield code="b">BCEJYS</subfield>
    <subfield code="c">17</subfield>
    <subfield code="d">2001-01-01</subfield>
    <subfield code="h">A&#xF1;o 7, N&#xBA; 10 - ene./abr. 2001</subfield>
    <subfield code="l">0</subfield>
    <subfield code="o">H330 FAC 10</subfield>
    <subfield code="p">R01219</subfield>
    <subfield code="r">2026-04-10 16:06:51</subfield>
    <subfield code="w">2026-04-10</subfield>
    <subfield code="y">RN</subfield>
  </datafield>
  <datafield tag="952" ind1=" " ind2=" ">
    <subfield code="0">0</subfield>
    <subfield code="1">0</subfield>
    <subfield code="4">0</subfield>
    <subfield code="7">0</subfield>
    <subfield code="a">BCEJYS</subfield>
    <subfield code="b">BCEJYS</subfield>
    <subfield code="c">17</subfield>
    <subfield code="d">2001-01-01</subfield>
    <subfield code="h">A&#xF1;o 7, N&#xBA; 10 - ene./abr. 2001</subfield>
    <subfield code="l">0</subfield>
    <subfield code="o">H330 FAC 10 Ej.2</subfield>
    <subfield code="p">R01223</subfield>
    <subfield code="r">2026-04-10 16:06:51</subfield>
    <subfield code="w">2026-04-10</subfield>
    <subfield code="y">RN</subfield>
  </datafield>
  <datafield tag="952" ind1=" " ind2=" ">
    <subfield code="0">0</subfield>
    <subfield code="1">0</subfield>
    <subfield code="4">0</subfield>
    <subfield code="7">0</subfield>
    <subfield code="a">BCEJYS</subfield>
    <subfield code="b">BCEJYS</subfield>
    <subfield code="c">17</subfield>
    <subfield code="d">2000-09-01</subfield>
    <subfield code="h">A&#xF1;o 6, N&#xBA; 9 - set./dic. 2000</subfield>
    <subfield code="l">0</subfield>
    <subfield code="o">H330 FAC 9</subfield>
    <subfield code="p">R01035</subfield>
    <subfield code="r">2026-04-10 16:06:51</subfield>
    <subfield code="w">2026-04-10</subfield>
    <subfield code="y">RN</subfield>
  </datafield>
  <datafield tag="952" ind1=" " ind2=" ">
    <subfield code="0">0</subfield>
    <subfield code="1">0</subfield>
    <subfield code="4">0</subfield>
    <subfield code="7">0</subfield>
    <subfield code="a">BCEJYS</subfield>
    <subfield code="b">BCEJYS</subfield>
    <subfield code="c">17</subfield>
    <subfield code="d">2000-05-01</subfield>
    <subfield code="h">A&#xF1;o 6, N&#xBA; 8 - may./ago. 2000</subfield>
    <subfield code="l">0</subfield>
    <subfield code="o">H330 FAC 8</subfield>
    <subfield code="p">R01033</subfield>
    <subfield code="r">2026-04-10 16:06:51</subfield>
    <subfield code="w">2026-04-10</subfield>
    <subfield code="y">RN</subfield>
  </datafield>
  <datafield tag="952" ind1=" " ind2=" ">
    <subfield code="0">0</subfield>
    <subfield code="1">0</subfield>
    <subfield code="4">0</subfield>
    <subfield code="7">0</subfield>
    <subfield code="a">BCEJYS</subfield>
    <subfield code="b">BCEJYS</subfield>
    <subfield code="c">17</subfield>
    <subfield code="d">2000-05-01</subfield>
    <subfield code="h">A&#xF1;o 6, N&#xBA; 8 - may./ago. 2000</subfield>
    <subfield code="l">0</subfield>
    <subfield code="o">H330 FAC 8 Ej.2</subfield>
    <subfield code="p">R01034</subfield>
    <subfield code="r">2026-04-10 16:06:51</subfield>
    <subfield code="w">2026-04-10</subfield>
    <subfield code="y">RN</subfield>
  </datafield>
  <datafield tag="952" ind1=" " ind2=" ">
    <subfield code="0">0</subfield>
    <subfield code="1">0</subfield>
    <subfield code="4">0</subfield>
    <subfield code="7">0</subfield>
    <subfield code="a">BCEJYS</subfield>
    <subfield code="b">BCEJYS</subfield>
    <subfield code="c">17</subfield>
    <subfield code="d">2000-01-01</subfield>
    <subfield code="h">A&#xF1;o 6, N&#xBA; 7 - ene./abr. 2000</subfield>
    <subfield code="l">0</subfield>
    <subfield code="o">H330 FAC 7</subfield>
    <subfield code="p">R01032</subfield>
    <subfield code="r">2026-04-10 16:06:51</subfield>
    <subfield code="w">2026-04-10</subfield>
    <subfield code="y">RN</subfield>
  </datafield>
  <datafield tag="952" ind1=" " ind2=" ">
    <subfield code="0">0</subfield>
    <subfield code="1">0</subfield>
    <subfield code="4">0</subfield>
    <subfield code="7">0</subfield>
    <subfield code="a">BCEJYS</subfield>
    <subfield code="b">BCEJYS</subfield>
    <subfield code="c">17</subfield>
    <subfield code="d">1998-10-01</subfield>
    <subfield code="h">A&#xF1;o 4, N&#xBA; 6 - oct. 1998</subfield>
    <subfield code="l">0</subfield>
    <subfield code="o">H330 FAC 6</subfield>
    <subfield code="p">R01031</subfield>
    <subfield code="r">2026-04-10 16:06:51</subfield>
    <subfield code="w">2026-04-10</subfield>
    <subfield code="y">RN</subfield>
  </datafield>
  <datafield tag="952" ind1=" " ind2=" ">
    <subfield code="0">0</subfield>
    <subfield code="1">0</subfield>
    <subfield code="4">0</subfield>
    <subfield code="7">0</subfield>
    <subfield code="a">BCEJYS</subfield>
    <subfield code="b">BCEJYS</subfield>
    <subfield code="c">17</subfield>
    <subfield code="d">1998-10-01</subfield>
    <subfield code="h">A&#xF1;o 4, N&#xBA; 6 - oct. 1998</subfield>
    <subfield code="l">0</subfield>
    <subfield code="o">H330 FAC 6 Ej.2</subfield>
    <subfield code="p">R01030</subfield>
    <subfield code="r">2026-04-10 16:06:51</subfield>
    <subfield code="w">2026-04-10</subfield>
    <subfield code="y">RN</subfield>
  </datafield>
  <datafield tag="952" ind1=" " ind2=" ">
    <subfield code="0">0</subfield>
    <subfield code="1">0</subfield>
    <subfield code="4">0</subfield>
    <subfield code="7">0</subfield>
    <subfield code="a">BCEJYS</subfield>
    <subfield code="b">BCEJYS</subfield>
    <subfield code="c">17</subfield>
    <subfield code="d">1998-05-01</subfield>
    <subfield code="h">A&#xF1;o 4, N&#xBA; 5 - may. 1998</subfield>
    <subfield code="l">0</subfield>
    <subfield code="o">H330 FAC 5</subfield>
    <subfield code="p">R01029</subfield>
    <subfield code="r">2026-04-10 16:06:51</subfield>
    <subfield code="w">2026-04-10</subfield>
    <subfield code="y">RN</subfield>
  </datafield>
  <datafield tag="952" ind1=" " ind2=" ">
    <subfield code="0">0</subfield>
    <subfield code="1">0</subfield>
    <subfield code="4">0</subfield>
    <subfield code="7">0</subfield>
    <subfield code="a">BCEJYS</subfield>
    <subfield code="b">BCEJYS</subfield>
    <subfield code="c">17</subfield>
    <subfield code="d">1997-10-01</subfield>
    <subfield code="h">A&#xF1;o 3, N&#xBA; 4 - oct. 1997</subfield>
    <subfield code="l">0</subfield>
    <subfield code="o">H330 FAC 4</subfield>
    <subfield code="p">R01028</subfield>
    <subfield code="r">2026-04-10 16:06:51</subfield>
    <subfield code="w">2026-04-10</subfield>
    <subfield code="y">RN</subfield>
  </datafield>
  <datafield tag="952" ind1=" " ind2=" ">
    <subfield code="0">0</subfield>
    <subfield code="1">0</subfield>
    <subfield code="4">0</subfield>
    <subfield code="7">0</subfield>
    <subfield code="a">BCEJYS</subfield>
    <subfield code="b">BCEJYS</subfield>
    <subfield code="c">17</subfield>
    <subfield code="d">1996-12-01</subfield>
    <subfield code="h">A&#xF1;o 2, N&#xBA; 3 - dic. 1996</subfield>
    <subfield code="l">0</subfield>
    <subfield code="o">H330 FAC 3</subfield>
    <subfield code="p">R01027</subfield>
    <subfield code="r">2026-04-10 16:06:51</subfield>
    <subfield code="w">2026-04-10</subfield>
    <subfield code="y">RN</subfield>
  </datafield>
  <datafield tag="952" ind1=" " ind2=" ">
    <subfield code="0">0</subfield>
    <subfield code="1">0</subfield>
    <subfield code="4">0</subfield>
    <subfield code="7">0</subfield>
    <subfield code="a">BCEJYS</subfield>
    <subfield code="b">BCEJYS</subfield>
    <subfield code="c">17</subfield>
    <subfield code="d">1996-12-01</subfield>
    <subfield code="h">A&#xF1;o 2, N&#xBA; 3 - dic. 1996</subfield>
    <subfield code="l">0</subfield>
    <subfield code="o">H330 FAC 3 Ej.2</subfield>
    <subfield code="p">R01026</subfield>
    <subfield code="r">2026-04-10 16:06:51</subfield>
    <subfield code="w">2026-04-10</subfield>
    <subfield code="y">RN</subfield>
  </datafield>
  <datafield tag="952" ind1=" " ind2=" ">
    <subfield code="0">0</subfield>
    <subfield code="1">0</subfield>
    <subfield code="4">0</subfield>
    <subfield code="7">0</subfield>
    <subfield code="a">BCEJYS</subfield>
    <subfield code="b">BCEJYS</subfield>
    <subfield code="c">17</subfield>
    <subfield code="d">1996-06-01</subfield>
    <subfield code="h">A&#xF1;o 2, N&#xBA; 2 - jun. 1996</subfield>
    <subfield code="l">0</subfield>
    <subfield code="o">H330 FAC 2</subfield>
    <subfield code="p">R01025</subfield>
    <subfield code="r">2026-04-10 16:06:51</subfield>
    <subfield code="w">2026-04-10</subfield>
    <subfield code="y">RN</subfield>
  </datafield>
  <datafield tag="952" ind1=" " ind2=" ">
    <subfield code="0">0</subfield>
    <subfield code="1">0</subfield>
    <subfield code="4">0</subfield>
    <subfield code="7">0</subfield>
    <subfield code="a">BCEJYS</subfield>
    <subfield code="b">BCEJYS</subfield>
    <subfield code="c">17</subfield>
    <subfield code="d">1996-06-01</subfield>
    <subfield code="h">A&#xF1;o 2, N&#xBA; 2 - jun. 1996</subfield>
    <subfield code="l">0</subfield>
    <subfield code="o">H330 FAC 2 Ej.2</subfield>
    <subfield code="p">R01024</subfield>
    <subfield code="r">2026-04-10 16:06:51</subfield>
    <subfield code="w">2026-04-10</subfield>
    <subfield code="y">RN</subfield>
  </datafield>
  <datafield tag="952" ind1=" " ind2=" ">
    <subfield code="0">0</subfield>
    <subfield code="1">0</subfield>
    <subfield code="4">0</subfield>
    <subfield code="7">0</subfield>
    <subfield code="a">BCEJYS</subfield>
    <subfield code="b">BCEJYS</subfield>
    <subfield code="c">17</subfield>
    <subfield code="d">1995-06-01</subfield>
    <subfield code="h">A&#xF1;o 1, N&#xBA; 1 - jun 1995</subfield>
    <subfield code="l">0</subfield>
    <subfield code="o">H330 FAC 1</subfield>
    <subfield code="p">R04158</subfield>
    <subfield code="r">2026-04-10 16:06:51</subfield>
    <subfield code="w">2026-04-10</subfield>
    <subfield code="y">RN</subfield>
  </datafield>
</record>
